Statistics for "Walking With" episodes

Click here to take the quiz!

General Stats

  • This quiz has been taken 22 times
  • The average score is 9 of 15

Answer Stats

SeriesEpisodeAnswer% Correct
Walking With Dinosaurs1New Blood
90%
Walking With Beasts1New Dawn
85%
Walking With Dinosaurs2Time of the Titans
80%
Walking With Beasts2Whale Killer
80%
Walking With Dinosaurs4Giant of the Skies
75%
Walking With Beasts3Land of Giants
75%
Walking With Beasts4Next of Kin
75%
Walking With Beasts5Sabre Tooth
75%
Walking With Dinosaurs6Death of a Dynasty
70%
Walking With Beasts6Mammoth Journey
65%
Walking With Dinosaurs3Cruel Seas
45%
Walking With Dinosaurs5Spirits of the Ice Forests
35%
Walking With Monsters3Clash of Titans
20%
Walking With Monsters1Water Dwellers
15%
Walking With Monsters2Reptile's Begginings
0%

Score Distribution

Percentile by Number Answered

Percent of People with Each Score

Your Score History

You have not taken this quiz